Plane Crashes of the 2010s - Statistics

General Stats
  • This quiz has been taken 136 times
  • The average score is 13 of 41
Answer Stats
Date Location Aircraft Airline Flight No. Fatalities % Correct
March 2014 Indian Ocean Boeing 777-200ER Malaysia Airlines 370 239
78%
Jul 2014 Donetsk, Ukraine Boeing 777-200ER Malaysia Airlines 17 298
78%
Jan 2010 Mediterranean Sea Boeing 737-800 Ethiopian Airlines 409 90
77%
Mar 2019 Ethiopia Boeing 737 MAX 8 Ethiopian Airlines 302 157
77%
Oct 2018 Java Sea Boeing 737 MAX 8 Lion Air 610 189
65%
May 2019 Moscow, Russia Sukhoi Superjet 100 Aeroflot 1492 41
64%
May 2010 Mangalore, India Boeing 737-800 Air India Express 812 158
60%
Dec 2014 Java Sea Airbus A320-200 Indonesia AirAsia 8501 162
57%
Mar 2015 The Alps, France Airbus A320-200 Germanwings 9525 150
54%
Dec 2016 Pakistan ATR 42-500 Pakistan International Airlines 661 47
49%
Oct 2015 Sinai Peninsula, Egypt Airbus A321-200 Metrojet 9268 224
42%
May 2018 Havana, Cuba Boeing 737-200 Cubana de Aviación 972 112
40%
Jan 2011 Iran Boeing 727-200 Iran Air 277 78
40%
May 2016 Mediterranean Sea Airbus A320-200 EgyptAir 804 66
37%
May 2010 Tripoli, Libya Airbus A330-200 Afriqiyah Airways 771 102
35%
Nov 2013 Namibia Embraer E190 LAM Mozambique Airlines 470 33
35%
May 2012 Mount Salak, Indonesia Sukhoi Superjet 100 Sukhoi N/A 45
33%
July 2010 Pakistan Airbus A321-200 Airblue 202 152
32%
Jul 2014 Penghu, Taiwan ATR 72-500 TransAsia Airways 222 48
31%
Feb 2015 Taipei, Taiwan ATR 72-600 TransAsia Airways 235 43
31%
Mar 2016 Rostov-on-Don, Russia Boeing 737-800 Flydubai 981 62
30%
Mar 2018 Kathmandu, Nepal Bombardier Dash 8-Q400 US-Bangla Airlines 211 51
21%
Nov 2016 Colombia Avro RJ85 LaMia 2933 71
20%
Jul 2014 Mali McDonnell Douglas MD-83 Air Algérie 5017 116
19%
Oct 2013 Laos ATR 72-600 Lao Airlines 301 49
19%
Aug 2015 Papua, Indonesia ATR 42-300 Trigana Air 267 54
17%
Sep 2011 Yaroslavl, Russia Yakovlev Yak-42D Yak-Service 9633 44
16%
Nov 2013 Kazan, Russia Boeing 737-500 Tatarstan Airlines 363 50
14%
Nov 2010 Cuba ATR 72-200 Aero Caribbean 883 68
12%
Jun 2012 Lagos, Nigeria McDonnell Douglas MD-83 Dana Air 992 159
12%
Feb 2018 Zagros Mountains, Iran ATR 72-200 Iran Aseman Airlines 3704 66
12%
Apr 2012 Tyumen, Russia ATR 72-200 UTair Aviation 120 33
12%
Apr 2012 Rawalpindi, Pakistan Boeing 737-200 Bhoja Air 213 127
10%
Aug 2010 Yichun, China Embraer E190LR Henan Airlines 8387 44
10%
Feb 2018 Moscow, Russia Antonov An-148 Saratov Airlines 703 71
10%
Jun 2011 Russia Tupolev Tu-134A RusAir 9605 50
7%
Apr 2011 Democratic Republic of the Congo Bombardier CRJ-100ER Georgian Airways 834 32
6%
Jul 2011 Democratic Republic of the Congo Boeing 727 Hewa Bora Airways 952 77
6%
May 2010 Kabul, Afghanistan Antonov An-24 Pamir Airways 112 44
6%
Aug 2012 Sudan Antonov An-26 Alfa Airlines N/A 32
4%
Aug 2014 Tehran, Iran HESA IrAn-140 Sepahan Airlines 5915 40
2%
No matching quizzes found
Score Distribution
Percent of People with Each Score
Percentile by Number Answered
Your Score History
You have not taken this quiz